| 000 | 00984nam a22003137a 4500 | ||
|---|---|---|---|
| 003 | CHAP | ||
| 005 | 20220329135701.0 | ||
| 008 | 971013s1992 r 00010 d | ||
| 010 | _a40516 | ||
| 011 | _a41488 | ||
| 035 | _a45614 | ||
| 040 | _cCHAP | ||
| 082 |
_a584.9 _bC55 |
||
| 100 | 0 | 0 |
_aChapman, G. P. _eed. _921914 |
| 245 | _aGrass evolution and domestication | ||
| 260 |
_aLondon : _bCambridge University, _c1992 |
||
| 300 | _a389 p. | ||
| 590 |
_aBATCH-UPD _b10 _c20130110 _lUCH01 _h0112 |
||
| 590 |
_aBATCH-UPD _b10 _c20130110 _lUCH01 _h1204 |
||
| 590 |
_aBATCH-UPD _b10 _c20130410 _lUCH01 _h0746 |
||
| 590 |
_aBATCH-UPD _b10 _c20130914 _lUCH01 _h0918 |
||
| 590 |
_aCONVERSION _b10 _c20130109 _lUCH01 _h1322 |
||
| 650 | 1 | 4 |
_aPastos _xDomesticación. _986016 |
| 650 | 1 | 4 |
_aPastos _xEvolución. _986030 |
| 650 | 1 | 4 |
_aPlantas cultivadas _xHistoria. _988931 |
| 901 | _aBK | ||
| 942 | _cLIBRO | ||
| 949 |
_a584.9 C55 _bBC _cLIBRO _d33724000003257 _eLIBRO _gI. 176588 _h88598 _i45614 _si _t317.85 |
||
| 999 |
_c40516 _d40516 |
||